00851nam a2200289Ia 4500008004000000020001800040041000800058082001600066100001900082245007100101260003100172300001200203650001100215650001000226650001300236650001400249650000700263650001000270650001600280650000800296650001000304650000800314690002200322906001100344999001900355952018700374210210b2007 xxu||||| |||| 00| 0 eng d a9788172733780 aeng a320.07 DESL aDESHMUKH (R K) aLearn and teach political science: based on UNESCO ICT initiatives aDelhibAuthors pressc2007 axii,208 aUNESCO ateach ascience: apolitical aon aLearn ainitiatives aICT abased aand aPolitical Science a064912 c141755d141755 001040708Political ScienceaALbALcPolitical Scienced2021-02-17ePrajwal Book Distributors, Bangalore-560061g475.00l0o320.07 DESLp064912r2021-02-17 00:00:00w2021-02-17yBK